Extrait de L'Epitre pastorale aux vrais & loyals F.M. de l'ancien systeme. 5785 // Les Fruits de la grace, ou Opuscules spirituels de deux amateurs de la sagesse. - С. 101-110 (Запись № 12852142)

Подробности
000 -МАРКЕР
контрольное поле 01088naa2a2200217 4500
001 - ИДЕНТИФИКАТОР ЗАПИСИ
контрольное поле RU\NLR\BIBL_A\012692663
005 - ИДЕНТИФИКАТОР ВЕРСИИ
контрольное поле 20240729214150.0
035 ## - ДРУГИЕ СИСТЕМНЫЕ НОМЕРА
Идентификатор записи (NLR Aleph) 012692663
100 ## - ДАННЫЕ ОБЩЕЙ ОБРАБОТКИ
Данные общей обработки 20220112d1790 u y0rusy50 ba
101 1# - ЯЗЫК РЕСУРСА
Язык текста, звукозаписи и т.д. французский
Язык оригинала немецкий
102 ## - СТРАНА ПУБЛИКАЦИИ ИЛИ ПРОИЗВОДСТВА
Страна публикации российская федерация
200 1# - ЗАГЛАВИЕ И СВЕДЕНИЯ ОБ ОТВЕТСТВЕННОСТИ
Основное заглавие Extrait de L'Epitre pastorale aux vrais & loyals F.M. de l'ancien systeme. 5785
303 ## - ОБЩИЕ ПРИМЕЧАНИЯ, ОТНОСЯЩИЕСЯ К ОПИСАТЕЛЬНОЙ ИНФОРМАЦИИ
Текст примечания Авт.: Christian Heinrich Curt von Haugwitz. Установл. по: Drozdek A. The Fruits of Grace of Nikolay Repnin and Nikolay Kraevich // Slavia Orientalis. - T. 70, No. 3, 2021. - С. 477
463 #0 - УРОВЕНЬ ФИЗИЧЕСКОЙ ЕДИНИЦЫ
Встроенное поле 001RU\NLR\BIBL_A\012681722
-- 2001#$aLes Fruits de la grace, ou Opuscules spirituels de deux amateurs de la sagesse$vС. 101-110
Системный номер (АБИС) связанной записи 12817365
Место публикации [Moskva?
Дата публикации 1790
Имя издателя, распространителя и т.д. Ivan Vladimirovič Lopuchin?]
Физическая характеристика 120 с.
Заглавие Les Fruits de la grace, ou Opuscules spirituels de deux amateurs de la sagesse
Номер тома С. 101-110
700 #1 - ИМЯ ЛИЦА - ПЕРВИЧНАЯ ОТВЕТСТВЕННОСТЬ
Начальный элемент ввода Haugwitz
Часть имени, кроме начального элемента ввода C.H.C. von
Даты 1752-1832
Расширение инициалов личного имени Christian Heinrich Curt von
Код отношения Автор
852 ## - МЕСТОНАХОЖДЕНИЕ И ШИФР ХРАНЕНИЯ
Идентификатор организации NLR
Шифр хранения (Call Number) 16.117.2.69
942 ## - ДОПОЛНИТЕЛЬНЫЕ ЭЛЕМЕНТЫ ЗАПИСИ (АБИС)
Тип экземпляра АБИС Неопределено
980 ## - КОЛЛЕКЦИЯ
Название коллекции Иностранная рекаталогизация: 17-19 век

Нет доступных экземпляров.